000 00625nam a2200181 i 4500
001 59463
003 ES-MaACL
005 20230906164033.0
007 t|
008 031029s1937 fr ||||1| fre d
245 0 0 _aL'Enseignement de la psychologie dans la préparation des maitres primaires et secondaires.
260 _a[S.l. :
_bs.n.,
_c1937] (
_eLyon :
_fImp. Bosc Frères)
300 _a130 p. ;
_c25 cm.
490 1 _aPublications du Bureau International d'Education ;
_v53
830 0 _aPublications du Bureau International d'Education ;
_v53
_9181740
852 _aES-MaACL
_jA-5176
_bR.18060
999 _c59463
_d59463